Introducción al análisis del derecho (Registro nro. 22655)

Detalles MARC
000 -ENCABEZADO
Número de control [NR] 00894nam a2200265Ia 4500
005 - FECHA Y HORA DE LA ÚLTIMA TRANSACCIÓN
control field 20211105120323.0
008 - DE LONGITUD FIJA DE DATOS DE ELEMENTOS - INFORMACIÓN GENERAL
Elementos de longitud fija [NR] 130821s1991 sp gr spa
020 ## - NUMERO INTERNACIONAL NORMALIZADO PARA LIBROS [R]
Número Internacional Normalizado del libro [NR] 8434415046 (10a. Ed.)
040 ## - FUENTE DE CATALOGACION [NR]
Agencia de catalogación original [NR] Co-BoUCM
Idioma de catalogación [NR] spa
Quien Cataloga Deissy Garcia (modificó)
Quien Clasifica [Nuevo]
041 00 - CODIGO DE IDIOMA [R]
Código de idioma para texto/pista de sonido o título separado [R] Español
100 ## - ASIENTO PRINCIPAL--NOMBRE PERSONAL [NR]
Nombre personal [NR] Nino, Carlos Santiago
Fechas asociadas con el nombre [NR] 1943-1993
ID Autoridad 42150
245 00 - MENCION DE TITULO [NR]
Título [NR] Introducción al análisis del derecho
Mención de responsabilidad, etc. [NR] Carlos Santiago Nino.
250 ## - MENCION DE EDICION [NR]
Mención de edición [NR] 10a. Ed.
260 ## - PUBLICACION, DISTRIBUCION, ETC. (PIE DE IMPRENTA) [R]
Lugar de publicación, distribución, etc. [R] Barcelona (España)
Nombre del editor, distribuidor, etc. [R] Ariel
Fecha de publicación, distribución, etc. [R] 2001
300 ## - DESCRIPCION FISICA [R]
Extensión [R] 477 páginas
490 ## - MENCION DE SERIE [R]
Mención de serie [R] Ariel Derecho
500 ## - NOTA GENERAL [R]
Nota general [NR] Cuarta edición de 1991
650 04 - ASIENTO SECUNDARIO DE MATERIA - TERMINO TEMATICO [R]
Término temático o nombre geográfico como elemento de entrada [NR] Argumentación jurídica
9 (RLIN) 9342
650 04 - ASIENTO SECUNDARIO DE MATERIA - TERMINO TEMATICO [R]
Término temático o nombre geográfico como elemento de entrada [NR] Filosofía del derecho
9 (RLIN) 15792
650 04 - ASIENTO SECUNDARIO DE MATERIA - TERMINO TEMATICO [R]
Término temático o nombre geográfico como elemento de entrada [NR] Interpretación del derecho
9 (RLIN) 17899
650 04 - ASIENTO SECUNDARIO DE MATERIA - TERMINO TEMATICO [R]
Término temático o nombre geográfico como elemento de entrada [NR] Positivismo jurídico
9 (RLIN) 22108
650 04 - ASIENTO SECUNDARIO DE MATERIA - TERMINO TEMATICO [R]
Término temático o nombre geográfico como elemento de entrada [NR] Teoría del derecho
9 (RLIN) 25308
942 ## - ELEMENTOS DE ENTRADA AGREGADOS (KOHA)
Tipo de ítem principal el descrito en 300a Libro
Tema principal Derecho
Edición 4
Parte restante de la signatura top. N45
Sistema de clasificación DEWEY
Clasificación 340.1
Existencias
Fecha de último préstamo Total préstamos Total Renewals Signatura topográfica Código de barras Última vez visto Volúmen / Fascículo Ejemplar Price effective from Tipo de ítem Perdido Sistema de clasificación Dañado No prestable Tipo de ítem específico Suprimido Ubicación habitual Ubicación actual Localización Fecha de creación Forma de adquisición Costo
02/02/2023 118 15 340.1 N45 100033065 11/06/2026 4a. Ed. Ej.1 03/02/2013 Libro   DEWEY     Libro   Claustro Claustro 3er piso 28/02/2003 Compra 40200.00
06/08/2019 82   340.1 N45 100072141 11/06/2026 10a. Ed. Ej.1 03/02/2013 Libro de reserva   DEWEY     Libro de reserva   Claustro Claustro 3er piso 28/02/2005 Compra 91080.00